• 首页
  • 本馆介绍
  • 公告通知
  • 最新文献
  • 馆藏检索
  • 电子资源
  • 读者导购
  • 参考咨询
  • 我的图书馆
  • 登录
  • 详细信息显示
  • 放入我的书架
  • 预约/预借图书
  • 作者相关作品
  • 分类相关作品
  • 丛书相关作品
  • 出版社相关作品

书目信息

  • 表格格式
  • 工作单格式
  • 卡片格式
题名:
东方财税法研究
    
 
作者: 陈少英 主编
分册: 第3卷  
出版信息: 北京   法律出版社  2013
页数: 395页
开本: 23cm
丛书名:
单 册:
中图分类: D922.204
科图分类:
主题词: 财政法--中国--文集 , 税法--中国--文集 , 财政法 , 税法
电子资源:
ISBN: 978-7-5118-5244-1
000 01055nam0 2200289 450
001 523
005 20140908081205.06
010    @a978-7-5118-5244-1@dCNY58.00
100    @a20131128d2013 em y0chiy50 ea
101 0  @achi@eeng
102    @aCN@b110000
105    @ay z 000yy
106    @ar
200 1  @a东方财税法研究@ADong Fang Cai Shui Fa Yan Jiu@h第3卷@HDi 3 Juan@f陈少英主编@FChen Shao Ying Zhu Bian
210    @a北京@c法律出版社@d2013
215    @a395页@d23cm
304    @a英文共同题名:Research of finance and tax law
330    @a本书分为“上海、重庆试点开征住宅房产税的合法性问题”、“国外和港台地区房产税制及最新动态”、“房产税制改革的理论探讨与制度构建”、“房地产税收实务问题探讨”及“东方财税法学”五个专题。
510 1  @aResearch of finance and tax law@zeng
606 0  @a财政法@y中国@j文集
606 0  @a税法@y中国@j文集
606 0  @a财政法
606 0  @a税法
690    @aD922.204@v5
701  0 @a陈少英@AChen Shao Ying@c(女,@f1954~)@4主编
801  0 @aCN@bTANGWEI@c20140603
905    @b0840010-12@dD922.204@e1084:3@f3
    
    东方财税法研究.第3卷/陈少英主编.-北京:法律出版社,2013
    395页;23cm
    
    
    ISBN 978-7-5118-5244-1:CNY58.00
    本书分为“上海、重庆试点开征住宅房产税的合法性问题”、“国外和港台地区房产税制及最新动态”、“房产税制改革的理论探讨与制度构建”、“房地产税收实务问题探讨”及“东方财税法学”五个专题。
●
相关链接 在E读中查询图书 在五车中查询图书 在当当中查询图书 在豆瓣中查询图书


正题名:东方财税法研究     索取号:D922.204/1084:3         预约/预借

序号 登录号 条形码 馆藏地/架位号 状态 备注
1 0840010   208400103   第一样本阅览室/ [索取号:D922.204/1084:3] 在馆    
2 0840011   208400112   密集书库-史法系/ [索取号:D922.204/1084:3] 在馆    
3 0840012   208400121   第一借阅区/ [索取号:D922.204/1084:3] 在馆    
唐山师范学院图书馆 欢迎您!
大连网信软件有限公司© 版权所有